Central Library OPAC University of Rajshahi

নূতন ঊর্দু গল্প : (Record no. 56108)

MARC details
000 -LEADER
fixed length control field 00789nam a2200229 a 4500
001 - CONTROL NUMBER
control field 56108
003 - CONTROL NUMBER IDENTIFIER
rucl marc code BD-RjUL
005 - DATE AND TIME OF LATEST TRANSACTION
control field 20211209080344.0
008 - FIXED-LENGTH DATA ELEMENTS--GENERAL INFORMATION
fixed length control field 161126s1965 bg ||||| |||| 00| 0 ben d
020 ## - INTERNATIONAL STANDARD BOOK NUMBER
Terms of availability : TK 2.00
035 ## - SYSTEM CONTROL NUMBER
System control number (BD-RjUL) 56232
040 ## - CATALOGING SOURCE
Original cataloging agency BD-RjUL
Language of cataloging ben
Transcribing agency BD-RjUL
041 ## - LANGUAGE CODE
Language code of text/sound track or separate title ben
082 ## - DEWEY DECIMAL CLASSIFICATION NUMBER
Edition number 23
Classification number 891.439308
Author mark and year NUT 1956
245 00 - TITLE STATEMENT
Title নূতন ঊর্দু গল্প :
Remainder of title আধুনিক ঊর্দু গল্পের সংকলন /
250 ## - EDITION STATEMENT
Edition statement ১ম সং .
260 ## - PUBLICATION, DISTRIBUTION, ETC. (IMPRINT)
Place of publication, distribution, etc. ঢাকা :
Name of publisher, distributor, etc. পাকিস্তান পাবলিকেশন্স,
Date of publication, distribution, etc. ১৯৫৬
300 ## - PHYSICAL DESCRIPTION
Pagination ১৯৭ পৃ. ;
Size ১৭ সেমি .
650 ## - SUBJECT ADDED ENTRY--TOPICAL TERM
Topical term or geographic name as entry element ঊর্দু গল্প
9 (RLIN) 167023
Topical term or geographic name as entry element Urdu Story
9 (RLIN) 167024
942 ## - ADDED ENTRY ELEMENTS (KOHA)
Source of classification or shelving scheme Dewey Decimal Classification
Koha item type Books
Holdings
Lost status Source of classification or shelving scheme Damaged status Not for loan Collection code Permanent Location Current Location Shelving location Date acquired Source of acquisition Cost, normal purchase price Total Checkouts Full call number Date last seen Copy number Koha item type
  Dewey Decimal Classification     Fiction Central Library, University of Rajshahi Central Library, University of Rajshahi   20/05/1970 Nawroge 2.00   B 891.439308 NUT 1956 26/11/2016 C-2 Books